000 00460nam a2200157 4500
999 _c5307
_d5307
008 161019b xxu||||| |||| 00| 0 eng d
022 _a9770118389007
082 _aDPer 641.05 F73 Mar-Nov 2012
100 _916443
_aOzaeta, Anne Marie
245 _aMorning muesli/
_cAnne Marie Ozaeta.
260 _aQuezon City:
_bABS CBN Publishing, Inc.,
_c©2012.
300 _apages 74-75;
_c30 cm.
500 _aFood.
650 0 _916444
_aGrain
942 _2ddc
_cPER